01018nam a22002177a 4500003000900000005001700009008004100026040002300067041000800090082001800098245010700116260008500223300002300308650012100331700005800452700004400510700004300554942001200597952017400609999001700783BDDh-ASL20231015031217.0230309s2021 b ||||| |||| 00| 0 b d aBDDh-ASLcBDDh-ASL aben a906.9221bDHA00aঢাকা বিশ্ববিদ্যালয় : ইতিহাস ও ঐতিহ্য /  aঢাকা: bঢাকা বিশ্ববিদ্যালয়,c2021.  a537 p. : c26 cm.  0aHistory of Dhaka University (ঢাকা বিশ্ববিদ্যালয়ের ইতিহাস)962171 aআহমেদ, শরীফ উদ্দিন94631 aবাছির, আবদুল 974411 aআলম, আকসাদুল97442 2ddccBK 00102ddc40708NFICaASLbASLcDCd2023-03-09eBook purchased in 2022 from Ekushey Book Fairl0o906.9221 DHAp119504r2023-03-09 00:00:00tC-1w2023-03-09yBKzY-2021 c30940d30940